[Event "WCPL:White Knights-Nidum"]
[Site "Merthyr Tydfil"]
[Date "2017.04.02"]
[Round "4.14"]
[White "Young, Alan"]
[Black "Saunders, Robert"]
[Result "0-1"]
[WhiteElo "2056"]
[BlackElo "2077"]
[PlyCount "110"]
[EventDate "2017.04.02"]
[EventCountry "WLS"]
[SourceDate "2016.10.09"]

1. e4 e5 2. Nf3 Nf6 3. d4 Nxe4 4. Bd3 d5 5. Nxe5 Nd7 6. Nxd7 Bxd7 7. Nc3 Nxc3
8. bxc3 Be7 9. Qh5 Be6 10. Rb1 g6 11. Qh6 Rb8 12. O-O Bf8 13. Qe3 Kd7 14. c4
dxc4 15. Be4 c6 16. d5 cxd5 17. Rd1 Kc6 18. Qc3 Bc5 19. Qxc4 dxe4 20. Qxe4+ Bd5
21. Qd3 b5 22. a4 a6 23. Bf4 Rb6 24. axb5+ axb5 25. Ra1 Qd7 26. Ra7 Rb7 27.
Rxb7 Kxb7 28. Qxd5+ Qxd5 29. Rxd5 Kc6 30. Rd1 Ra8 31. Be3 Bxe3 32. fxe3 Ra2 33.
Rc1 Kc5 34. Kf1 Kc4 35. Ke1 Kc3 36. Kd1 Ra6 37. Rb1 Rd6+ 38. Ke1 Rd5 39. Kf2
Rd2+ 40. Kf3 b4 41. Rb3+ Kc4 42. Rb2 h6 43. Kg3 Re2 44. Kf3 Rd2 45. Kg3 Rd5 46.
Kf3 Rf5+ 47. Ke2 Rh5 48. h3 Rg5 49. Kf3 Ra5 50. Ke2 Ra1 51. Kf2 Ra4 52. e4 Kc3
53. Rb3+ Kxc2 54. Rf3 b3 55. Rxf7 b2 0-1

[Event "WCPL:White Knights-Nidum"]
[Site "Merthyr Tydfil"]
[Date "2017.04.02"]
[Round "4.15"]
[White "Evans, Craig"]
[Black "Garcia, Jason"]
[Result "1-0"]
[WhiteElo "1986"]
[BlackElo "2039"]
[PlyCount "163"]
[EventDate "2017.04.02"]
[EventCountry "WLS"]
[SourceDate "2016.10.09"]

1. e4 d5 2. d4 dxe4 3. Nc3 Nf6 4. f3 Nbd7 5. fxe4 e5 6. dxe5 Nxe5 7. Qxd8+ Kxd8
8. Bf4 Bd6 9. O-O-O Ke7 10. Nf3 Nd3+ 11. Bxd3 Bxf4+ 12. Kb1 c6 13. h3 Be6 14.
Ne2 Bc7 15. Ned4 Bd7 16. g4 h6 17. Rhf1 Rhe8 18. Rde1 Kf8 19. e5 Nd5 20. e6
Bxe6 21. Nxe6+ Rxe6 22. Rxe6 fxe6 23. Ng5+ Kg8 24. Nxe6 Re8 25. Bg6 Rc8 26. Rf7
Be5 27. Rxb7 a5 28. Rd7 Bf6 29. Nc5 Nf4 30. Bf5 Re8 31. a3 Re1+ 32. Ka2 Ne2 33.
Nd3 Rh1 34. Bg6 Nd4 35. Rb7 Kf8 36. Rf7+ Kg8 37. Rb7 Kf8 38. Rf7+ Kg8 39. Rc7
Kf8 40. Nf4 Rf1 41. Nd3 Nxc2 42. Rf7+ Kg8 43. Rc7 Kf8 44. Nc5 Ra1+ 45. Kb3 Nd4+
46. Ka4 Rh1 47. Rf7+ Kg8 48. Rd7 Rh2 49. Rc7 Kf8 50. Rf7+ Kg8 51. Rc7 Kf8 52.
Rf7+ Kg8 53. Nd7 Ne6 54. Nxf6+ gxf6 55. Rxf6 Nc5+ 56. Kxa5 Rxb2 57. Rxc6 Nb3+
58. Ka4 Nd4 59. Rc4 Ne6 60. Bf5 Ng7 61. Bg6 Ne6 62. h4 Kg7 63. h5 Kf6 64. Bf5
Nd8 65. Rd4 Rb8 66. Rd6+ Ke5 67. Rxh6 Kd5 68. Ra6 Nb7 69. Rb6 Ra8+ 70. Kb4 Nc5
71. Rg6 Ra4+ 72. Kc3 Rxa3+ 73. Kd2 Rg3 74. h6 Nb3+ 75. Ke2 Nd4+ 76. Kf2 Rh3 77.
Kg2 Ra3 78. h7 Ra2+ 79. Kg3 Ra3+ 80. Kf4 Rh3 81. Rg8 Nxf5 82. h8=Q 1-0

[Event "WCPL:White Knights-Nidum"]
[Site "Merthyr Tydfil"]
[Date "2017.04.02"]
[Round "4.16"]
[White "May, Adam J"]
[Black "Davies, Matthew"]
[Result "1/2-1/2"]
[WhiteElo "1942"]
[BlackElo "1958"]
[PlyCount "52"]
[EventDate "2017.04.02"]
[EventCountry "WLS"]
[SourceDate "2016.10.09"]

1. c4 c5 2. g3 Nc6 3. Bg2 g6 4. Nc3 Bg7 5. Nf3 d6 6. O-O Nh6 7. a3 O-O 8. d3
Rb8 9. Rb1 b6 10. Bd2 Bb7 11. b4 Nf5 12. e3 e6 13. Qb3 Ne5 14. Nxe5 Bxe5 15.
Rfd1 Bg7 16. h3 Bxg2 17. Kxg2 Rb7 18. Ne2 Rd7 19. a4 Qa8+ 20. e4 Nd4 21. Nxd4
Bxd4 22. Bc3 Bxc3 23. Qxc3 f5 24. f3 Rdf7 25. Rf1 Qd8 26. a5 f4 1/2-1/2

[Event "WCPL:White Knights-Nidum"]
[Site "Merthyr Tydfil"]
[Date "2017.04.02"]
[Round "4.17"]
[White "Sims, Chris"]
[Black "Bevan, Peter M"]
[Result "1/2-1/2"]
[WhiteElo "1782"]
[BlackElo "1933"]
[PlyCount "40"]
[EventDate "2017.04.02"]
[EventCountry "WLS"]
[SourceDate "2016.10.09"]

1. e4 c6 2. d3 d5 3. Nd2 Nf6 4. Ngf3 Bg4 5. h3 Bxf3 6. Qxf3 Nbd7 7. d4 dxe4 8.
Nxe4 Nxe4 9. Qxe4 Nf6 10. Qe5 e6 11. Bg5 Be7 12. O-O-O Qd5 13. c4 Qxe5 14. dxe5
Ne4 15. Be3 Bc5 16. Bxc5 Nxc5 17. Be2 Ke7 18. f4 a5 19. Bf3 Rad8 20. Kc2 Rxd1
1/2-1/2

[Event "WCPL:White Knights-Nidum"]
[Site "Merthyr Tydfil"]
[Date "2017.04.02"]
[Round "4.18"]
[White "Buttell, David"]
[Black "Griffiths, Hywel"]
[Result "1-0"]
[WhiteElo "1758"]
[BlackElo "1742"]
[PlyCount "135"]
[EventDate "2017.04.02"]
[EventCountry "WLS"]
[SourceDate "2016.10.09"]

1. d4 Nf6 2. c4 c5 3. d5 b5 4. cxb5 a6 5. bxa6 Bxa6 6. Nc3 g6 7. Nf3 Bg7 8. e4
Bxf1 9. Kxf1 d6 10. g3 O-O 11. h3 Nbd7 12. Kg2 Nb6 13. Re1 Nfd7 14. Qc2 Nc4 15.
Nd2 Nxd2 16. Bxd2 Qb6 17. a3 Rfb8 18. Rab1 Qa6 19. f4 Nb6 20. Nd1 Rb7 21. Bc3
Rab8 22. Bxg7 Kxg7 23. Ne3 Qa4 24. b3 Qxa3 25. Qc3+ Kg8 26. Nc2 Na4 27. Qc4 Qa2
28. Ra1 Qb2 29. bxa4 Rb3 30. Re2 Rc3 31. Qa2 Rbb3 32. Qxb2 Rxg3+ 33. Kf1 Rgf3+
34. Rf2 Rxf2+ 35. Kxf2 Rxb2 36. Rc1 Ra2 37. Kf3 Rxa4 38. Ne3 Ra3 39. h4 h5 40.
e5 Kg7 41. Rc4 Rb3 42. Ra4 Rd3 43. exd6 exd6 44. Ra6 f6 45. Rxd6 g5 46. fxg5
fxg5 47. hxg5 c4 48. Rh6 c3 49. Ke4 Rd2 50. Rxh5 Kg6 51. Rh6+ Kxg5 52. Rc6 Re2
53. Rxc3 Kf6 54. Rd3 Ke7 55. Kd4 Re1 56. Nf5+ Kd7 57. Re3 Rd1+ 58. Ke5 Ra1 59.
Rh3 Re1+ 60. Ne3 Re2 61. Rh7+ Kd8 62. Kd4 Rd2+ 63. Kc5 Re2 64. Nc4 Rg2 65. d6
Rc2 66. Kd5 Rg2 67. Kc6 Rg8 68. Ra7 1-0

[Event "WCPL:The Vale-White Knights"]
[Site "?"]
[Date "2017.05.21"]
[Round "5.1"]
[White "Strugnell, Carl"]
[Black "Kett, Tim"]
[Result "1-0"]
[WhiteElo "2203"]
[BlackElo "2221"]
[PlyCount "101"]
[EventDate "2017.05.21"]
[SourceDate "2016.10.09"]

1. e4 e5 2. Nf3 Nc6 3. Bb5 g6 4. c3 a6 5. Bxc6 dxc6 6. d4 exd4 7. cxd4 Bg7 8.
h3 Nf6 9. Nc3 O-O 10. O-O Be6 11. Re1 h6 12. Bf4 Kh7 13. Be5 Qd7 14. Qc2 Rad8
15. Na4 Nh5 16. Nc5 Qc8 17. Rad1 Bd7 18. Rd3 Be8 19. Bxg7 Nxg7 20. e5 Bd7 21.
Rb3 Bf5 22. Qe2 b6 23. Ne4 Ne6 24. Nf6+ Kg7 25. Qe3 g5 26. Rc3 c5 27. Nh5+ Kh8
28. dxc5 bxc5 29. Ng3 Bg6 30. h4 Nf4 31. hxg5 Nd5 32. Qxc5 Nxc3 33. Qxc3 Rd3
34. Qc5 hxg5 35. e6 f6 36. Nd4 Re8 37. Ngf5 Qb7 38. Qc4 Bxf5 39. Nxf5 Qd5 40.
Qg4 Rxe6 41. Qh5+ Kg8 42. Nh6+ Kh8 43. Nf5+ Kg8 44. Qg6+ Kf8 45. Qg7+ Ke8 46.
Qg8+ Kd7 47. Qf7+ Kc6 48. Rxe6+ Kb5 49. Qe8+ Ka5 50. Ne3 Qxa2 51. Rxa6+ 1-0

[Event "WCPL:The Vale-White Knights"]
[Site "?"]
[Date "2017.05.21"]
[Round "5.2"]
[White "Ralphs, Nigel"]
[Black "Young, Alan"]
[Result "1-0"]
[WhiteElo "2059"]
[BlackElo "2044"]
[PlyCount "101"]
[EventDate "2017.05.21"]
[SourceDate "2016.10.09"]

1. e4 e5 2. Nf3 Nc6 3. Bc4 Nf6 4. d3 Be7 5. O-O O-O 6. Re1 d6 7. a4 Be6 8. Bxe6
fxe6 9. c3 Qd7 10. Na3 Kh8 11. Nc2 Qe8 12. d4 Qg6 13. Qe2 Rae8 14. b4 exd4 15.
Nfxd4 Nxd4 16. Nxd4 Ng4 17. f4 c5 18. bxc5 dxc5 19. Nf3 c4 20. Nd4 e5 21. f5
Qh5 22. h3 exd4 23. hxg4 Qh4 24. cxd4 Bb4 25. Ba3 Bxe1 26. Rxe1 Rf6 27. Bc1 Rd6
28. e5 Rxd4 29. e6 Qxg4 30. Bb2 Qxe2 31. Rxe2 Rf4 32. Re5 h6 33. g3 Rf3 34. Kg2
Rb3 35. Bd4 c3 36. Rc5 Rb2+ 37. Kf3 Rb3 38. Bxc3 Kh7 39. Rc7 Kh8 40. Ke4 a6 41.
Bxg7+ Kg8 42. Be5 b5 43. axb5 Rxb5 44. Rg7+ Kf8 45. Rh7 Rb4+ 46. Kf3 Rb3+ 47.
Kg2 Rb6 48. Rh8+ Ke7 49. f6+ Kd8 50. Bc7+ Kxc7 51. Rxe8 1-0

[Event "WCPL:The Vale-White Knights"]
[Site "?"]
[Date "2017.05.21"]
[Round "5.3"]
[White "Garcia, Jason"]
[Black "Davis, Lee"]
[Result "1/2-1/2"]
[WhiteElo "2028"]
[BlackElo "1937"]
[PlyCount "55"]
[EventDate "2017.05.21"]
[SourceDate "2016.10.09"]

1. e4 g6 2. d4 d6 3. Nc3 Bg7 4. Be3 Nf6 5. Nf3 O-O 6. Qd2 a6 7. h3 b5 8. Bd3
Bb7 9. a3 Nbd7 10. Bh6 e5 11. Bxg7 Kxg7 12. dxe5 dxe5 13. O-O Qe7 14. Qe3 Qc5
15. Rfe1 Qxe3 16. Rxe3 Rfe8 17. Rae1 Rad8 18. Bf1 Nb6 19. Nb1 Nfd7 20. g4 f6
21. Nbd2 Nc5 22. c4 c6 23. b4 Ne6 24. c5 Na8 25. Nb3 Nac7 26. Na5 Ba8 27. Kh2
Nf4 28. Kg3 1/2-1/2

[Event "WCPL:The Vale-White Knights"]
[Site "?"]
[Date "2017.05.21"]
[Round "5.4"]
[White "Heaven, Peter"]
[Black "May, Adam J"]
[Result "1/2-1/2"]
[WhiteElo "2023"]
[BlackElo "1942"]
[PlyCount "34"]
[EventDate "2017.05.21"]
[SourceDate "2016.10.09"]

1. e4 c6 2. d4 d5 3. exd5 cxd5 4. Bd3 Nc6 5. Ne2 Nf6 6. O-O g6 7. Bg5 Bg7 8.
Qd2 O-O 9. Nbc3 Nb4 10. Ng3 Nxd3 11. Qxd3 a6 12. a4 b6 13. Rfe1 Bb7 14. f3 Rc8
15. Nf1 Qc7 16. Qd2 e6 17. Bf4 Qc6 1/2-1/2

[Event "WCPL:The Vale-White Knights"]
[Site "?"]
[Date "2017.05.21"]
[Round "5.5"]
[White "Bevan, Peter M"]
[Black "Jukes, Sam"]
[Result "1-0"]
[WhiteElo "1913"]
[BlackElo "1748"]
[PlyCount "51"]
[EventDate "2017.05.21"]
[SourceDate "2016.10.09"]

1. c4 e5 2. g3 Nf6 3. Bg2 Bc5 4. Nc3 O-O 5. e3 Nc6 6. a3 a5 7. Nge2 d6 8. h3
Re8 9. O-O Bf5 10. d3 Qd7 11. Kh2 Bb6 12. e4 Bg6 13. Bg5 Ne7 14. f4 exf4 15.
Nxf4 Rf8 16. Bxf6 gxf6 17. Nfd5 Bd4 18. Nxf6+ Bxf6 19. Rxf6 c6 20. h4 Kg7 21.
Bh3 Qd8 22. Qf3 d5 23. Rf1 dxe4 24. dxe4 h5 25. Qf4 Qb6 26. Qe5 1-0

[Event "WCPL:The Vale-White Knights"]
[Site "?"]
[Date "2017.05.21"]
[Round "5.6"]
[White "Bonutto, Stephen"]
[Black "Buttell, David"]
[Result "0-1"]
[WhiteElo "1494"]
[BlackElo "1822"]
[PlyCount "66"]
[EventDate "2017.05.21"]
[SourceDate "2016.10.09"]

1. e4 c5 2. Nf3 d6 3. d4 cxd4 4. Nxd4 Nf6 5. Nc3 g6 6. Be3 Bg7 7. f3 Nc6 8. Qd2
O-O 9. Bc4 Bd7 10. O-O-O Rb8 11. Bh6 Nxd4 12. Bxg7 Nxf3 13. gxf3 Kxg7 14. f4
Bc6 15. Rhe1 b5 16. Bb3 b4 17. Nd5 Bxd5 18. Bxd5 Qb6 19. f5 Ng4 20. Qg5 Nf6 21.
h4 Rbc8 22. Bb3 a5 23. Rg1 Nxe4 24. Qf4 Nf6 25. Rg2 Nh5 26. Qf3 Kh8 27. Rdg1
Qd4 28. Kb1 Qf4 29. Qd3 Qe5 30. fxg6 fxg6 31. a3 Nf4 32. h5 Nxd3 33. hxg6 Qxb2#
0-1

[Event "WCPL:Cardigan-Abergavenny"]
[Site "?"]
[Date "2017.05.21"]
[Round "5.7"]
[White "Williams, AH."]
[Black "May, Frank"]
[Result "1/2-1/2"]
[WhiteElo "2271"]
[BlackElo "2090"]
[Annotator "Rudy"]
[PlyCount "47"]
[EventDate "2017.05.21"]

1. Nf3 Nf6 2. g3 e6 3. Bg2 d5 4. c4 Be7 5. O-O O-O 6. d4 c6 {While there are
several games with the Closed Catalan involving Frank may, it appears there
are none involving Howard Williams in the databases} (6... c5 7. cxd5 exd5 8.
Nc3 {Williams-Byway,Dyfed Open 2011,12/1/2}) 7. Qc2 (7. Nbd2 b5 8. b3 {
Snape-May, 4NCL 2003,1-0}) (7. Nc3 Nbd7 8. cxd5 (8. b3 b6 9. Qc2 Bb7 10. Rd1
Rc8 11. e4 dxe4 12. Ng5 {Rama-May, EU ch tm 2001,1-0}) 8... exd5 9. Bg5 Ne4 10.
Bxe7 Qxe7 {Barber-May, Dyfed Open 2016,0-1}) 7... Nbd7 8. Bf4 (8. Nbd2 {main,
prevents Bl's next} b6 9. b3 Bb7 10. Bb2 Rc8 11. e4 c5 12. e5 (12. exd5 exd5
13. dxc5 {scores better for Wh}) 12... Ne4 (12... Ne8 {main}) 13. Nxe4 dxe4 14.
Nd2 cxd4 15. Bxd4 $14 {Dais-May, WCPL 2008,1/2-1/2}) 8... Ne4 {this move is
discussed by transposition from an earlier setup by both Bologan & Avrukh. Bl
may be trying thereby to get into a Stonewall Dutch} 9. Nc3 Nxc3 (9... f5 {
main alternative}) 10. Qxc3 Nf6 (10... f5 {is not a good idea without the N on
e4- Bologan}) (10... b6 {scores well for Bl, 2 wins & a draw}) 11. Nd2 (11. Ne5
{main} Nh5 12. Be3 f6 13. Nd3 $14 {Adamski-Kazmierczak, Warsaw 2009, 1-0 is
given by Bologan 2012}) 11... Nh5 12. Be3 {Cloud Engines} (12. Nf3 Nxf4 13.
gxf4 b5 14. c5 a5 15. Kh1 Qc7 16. e3 Bd7 $11 {Vodyasov-Kovacevic, IPCA Wld ch,
Apatin 2014,1/2-1/2}) 12... Bd6 13. Bf3 (13. Nf3 Nf6 14. Ne5 Ne4 15. Qc2 f6 16.
Nd3 Qe7 $14 {Komodo11}) 13... Nf6 14. Bg5 (14. c5 Bc7 15. Bf4 Bxf4 16. gxf4 b6
17. e3 Ba6 18. Rfc1 Rc8 $11 {Komodo11}) 14... Be7 (14... h6 15. Bxf6 Qxf6 16.
Bg2 $11 {Komodo11}) 15. Rfd1 (15. c5 $14 {Komodo11}) 15... Ne4 (15... h6 16.
Bf4 dxc4 17. Nxc4 Nd5 18. Qc2 Nxf4 19. gxf4 f6 20. Kh1 $14 {Komodo11}) 16. Nxe4
Bxg5 17. Nc5 (17. Nxg5 Qxg5 18. e4 $14 {Komodo11; Bl will still have problems
with his QB, even in an ending}) 17... b6 18. Nd3 Bb7 $11 (18... Ba6 19. Ne5
Qd6 20. h4 Be7 21. Rac1 $11 {Komodo11}) 19. e4 Bf6 20. exd5 (20. e5 Be7 21. h4
Rc8 22. Nf4 $11 {trying to get something going on the K side; Rudy & Komodo11})
20... cxd5 21. c5 Rc8 22. h4 (22. b4 {Komodo11; considered & looked at in pm
anaysis}) 22... bxc5 (22... e5 {Komodo11; undermines the centre} 23. Nxe5 bxc5
24. Qa3 Qc7 (24... a6) 25. Rac1 c4 $11) 23. Nxc5 Ba6 24. Qe3 $11 1/2-1/2

[Event "WCPL:Cardigan-Abergavenny"]
[Site "?"]
[Date "2017.05.21"]
[Round "5.8"]
[White "Morris, Charles F"]
[Black "Jones, IC."]
[Result "1/2-1/2"]
[WhiteElo "2122"]
[BlackElo "2191"]
[Annotator "Rudy"]
[PlyCount "104"]
[EventDate "2017.05.21"]

1. Nf3 Nf6 2. c4 e6 3. g3 b6 (3... d5 {most frequent}) 4. Bg2 Bb7 5. O-O Be7 6.
Nc3 O-O 7. Re1 (7. d4 {transposes to a Queen's Indian}) 7... d5 8. cxd5 exd5 9.
d3 {rare} (9. d4 {main}) 9... c5 10. Bf4 (10. Bg5 Na6 11. Bxf6 Bxf6 12. e4 {
Poplavsky-Antoniazzi, LADAC corr Argentina 1981,1/2-1/2}) 10... Nh5 (10... d4 {
Fritz13 & Komodo11} 11. Nb5 a6 (11... Nc6 12. Ne5 Qc8 13. Rc1 Nxe5 14. Bxb7
Qxb7 15. Bxe5 a6 16. Bxf6 Bxf6 17. Nd6 Qd5 18. Nc4 Rab8 $15 {Livesey-Frean,
4NCL 2016,1/2-1/2}) 12. Na3 b5 {Hobson-Zehr, CAN ch op, ICCF 2010,0-1}) 11. Bd2
(11. e3 $11 {both Engines}) 11... Nf6 (11... d4 {both Engines}) 12. e4 $14 Na6
(12... d4 {both Engines}) 13. Ne5 (13. e5 {Fritz13} Ne8 14. a3 $11 {Fritz13
rates this as plus for Wh}) (13. Nh4 d4 14. Nb5 $14 {Komodo11}) 13... dxe4 {
Fritz13} (13... Nc7 {Komodo11}) 14. Nxe4 (14. dxe4 {both Engines}) 14... Nxe4 {
Fritz13} (14... Nd5 {Komodo11}) 15. dxe4 Nc7 $11 16. Re3 Qc8 {Komodo11} (16...
Bf6 {Fritz13} 17. Rd3 (17. Nc4 Bd4 $15) 17... Qe8 18. Nd7 Bxb2 19. Rb1 Bxe4 20.
Bxe4 Qxe4 21. Bf4 Bd4 22. Nxf8 Rd8 $11 {Komodo11}) 17. Qh5 (17. Bf1 {both
Engines}) 17... f6 {Fritz13} (17... Nb5 18. Rd3 Nd4 19. Be3 Qc7 20. f4 f6 21.
Ng4 Rad8 $15 {Komodo11}) 18. Nc4 (18. Nd3) 18... Qe6 (18... g6 {Komodo11}) 19.
b3 (19. Bf1) 19... Rfd8 20. Bc3 Nb5 (20... g6 21. Qe2 Nb5 $11 {both Engines})
21. e5 Nxc3 22. Bxb7 Rab8 23. Bf3 (23. exf6 Qxf6 24. Bf3 $11 {Komodo11}) 23...
Nb5 (23... g6 {both Engines}) 24. Rae1 (24. exf6 Qxf6 25. Bd5+ $18 {both
Engines} Rxd5 (25... Kh8 26. Rxe7 $1 Qxa1+ (26... Qxe7 27. Ne5 {wins the Q})
27. Kg2 Qf6 28. Ne5 Rf8 29. Rf7 $18 {komodo11}) 26. Qxd5+ Qf7 (26... Kh8 27.
Rae1 Bf8 28. Ne5 $18 {the BlK is too vulnerable})) 24... Qf7 (24... f5 25. Bg2
Nd4 $15 {both Engines}) 25. Qh3 Nd4 26. e6 Nxf3+ (26... Qe8 $11 {both Engines})
27. Rxf3 $16 Qg6 28. Rf5 (28. Ne3 {both Engines, brings the N into the K side
attack}) 28... h6 (28... Rd4 29. Ne3 Re4 $11 {both Engines}) 29. Re4 (29. Ne3)
29... Rd1+ 30. Kg2 Rd4 $11 31. Re2 Rbd8 32. Ne3 Kf8 33. Kf1 (33. Nc2) 33... Qe8
(33... Re4 $15 34. Rf4 Rd6 35. Rxe4 Qxe4 36. Qg2 Rxe6 $15) 34. Qg2 (34. Rf4)
34... Rd1+ $1 $19 35. Re1 Qb5+ 36. Nc4 Qb4 (36... Rxe1+ 37. Kxe1 Qb4+ {both
Engines} 38. Ke2 b5 39. Ne3 Qd2+ 40. Kf1 Qc1+ 41. Ke2 Qb2+ 42. Kf1 Qb1+ 43. Ke2
Qxa2+ 44. Kf1 Qb1+ 45. Ke2 Qd3+ 46. Ke1 Qd2+ 47. Kf1 Qc1+ 48. Ke2 Rd2+ 49. Kf3
g6 50. Rf4 Qb2 51. Qf1 Qxb3 $19 {several Q side pawns up. & the e6 pawn is dead
}) 37. Rfe5 b5 38. Nb2 (38. Qf3 {both Engines} bxc4 (38... Rxe1+ 39. Rxe1 bxc4
40. Qh5 Kg8 41. Qf7+ Kh7 (41... Kh8 42. Qxe7 $18 {because Wh will be able to a
check in with his e pawn as it queens}) 42. Qxe7 Rd2 43. Qc7 cxb3 44. axb3
Rxf2+ 45. Kxf2 Qd2+ {perpetual- the kind of thing Engines find easy & humans
have plenty of problems checking all the variations}) 39. Rxd1 Rxd1+ 40. Qxd1
fxe5 41. Qh5 Kg8 42. Qf7+ Kh7 43. Qxe7 c3 $11 {Komodo11}) 38... R1d2 $17 39.
R5e2 Qc3 (39... c4 $17 {both Engines}) 40. Qe4 $11 Rxe2 (40... Kg8) 41. Rxe2
$16 Kg8 42. Qg6 (42. Qb7 $16) 42... Rf8 (42... Qf3 $15) 43. Nd3 Qd4 (43... c4
$11) 44. Qf5 (44. Nf4 {both Engines} f5 45. Qh5 c4 46. Ng6 $18 {Komodo11})
44... Re8 (44... c4) 45. Qh5 (45. Nf4 $18) 45... Rf8 46. Nf4 $18 Qd1+ 47. Kg2
Qd6 48. Re3 (48. Ng6 $18 {Komodo11} Rc8 49. f3 Rd8 50. Nh4 Qd3 51. Qf7+ Kh7 52.
Rb2 Bf8 53. e7 $18 {Komodo11}) (48. Qg6 $16 {Fritz13, but Komodo11 judges this
merely plus for Wh}) 48... f5 (48... Qc6+ $16 {both Engines}) 49. Rd3 (49. Qf3
$18 {both Engines} c4 50. bxc4 bxc4 51. Ng6 Rc8 52. Qxf5) 49... Qc6+ 50. f3 (
50. Qf3 $16) 50... Bg5 $11 51. Qg6 Bxf4 52. gxf4 Qe8 $11 (52... Qe8 53. Qxe8 {
other moves lose the e pwn for nothing} Rxe8 54. Rd6 (54. Rd5 Rxe6 55. Rxc5
Re2+ 56. Kg3 Rxa2 57. Rxb5 $11) 54... c4 55. bxc4 bxc4 56. Kf2 Kf8 57. Rc6 Ke7
58. Rxc4 Kxe6 59. Rc6+ Kf7 60. Rc7+ Re7 $11) 1/2-1/2